| 000 | 00376nam a2200157Ia 4500 | ||
|---|---|---|---|
| 008 | 210719s2005 xx 000 0 und d | ||
| 041 | _aeng | ||
| 082 | _a332.1092 MADJ | ||
| 100 | _aMADA (K U) | ||
| 245 | _aJourney through development banking. | ||
| 260 |
_aMumbai _bK U Mada _c2005 |
||
| 300 |
_aii,138 _bPB |
||
| 365 | _cRs | ||
| 650 | _aAutobiography | ||
| 906 | _aIDBI | ||
| 999 |
_c213879 _d213879 |
||